| 000 | 01515cam a2200337 a 4500 | ||
|---|---|---|---|
| 001 | 12899394 | ||
| 005 | 20070724083947.0 | ||
| 008 | 020819s2003 nyu |r b 001 0 eng | ||
| 010 | _a 2002031470 | ||
| 020 | _a0521588138 | ||
| 020 | _a9780521588133 (pbk.) | ||
| 040 |
_aDLC _cDLC _dDLC |
||
| 043 | _aaw----- | ||
| 050 | 0 | 0 |
_aBP63.A35 _bB47 2003 |
| 082 | 0 | 0 |
_a297.09 _bBER |
| 100 | 1 |
_aBerkey, Jonathan Porter. _921406 |
|
| 245 | 1 | 4 |
_aThe Formation of Islam : _bReligion and Society in the Near East, 600-1800 / _cJonathan P. Berkey. |
| 260 |
_aNew York : _bCambridge University Press, 2003 _c2003. |
||
| 300 |
_axv, 286 p. ; _c24 cm. |
||
| 490 |
_921405 _aThemes in Islamic history ; _nv. 2 |
||
| 504 | _aIncludes bibliographical references (p. 270-275) and index. | ||
| 650 | 0 |
_aIslam _zMiddle East _xHistory. _921407 |
|
| 651 | 0 |
_aMiddle East _xReligion. _921408 |
|
| 651 | 0 |
_aMiddle East _xCivilization. _921409 |
|
| 856 | 4 | 2 |
_3Publisher description _uhttp://www.loc.gov/catdir/description/cam031/2002031470.html |
| 856 | 4 | 1 |
_3Table of contents _uhttp://www.loc.gov/catdir/toc/cam031/2002031470.html |
| 856 | 4 | 2 |
_3Contributor biographical information _uhttp://www.loc.gov/catdir/enhancements/fy0731/2002031470-b.html |
| 942 |
_2ddc _cBB |
||
| 999 |
_c14863 _d14863 |
||